000 00275nam a22001217a 4500
020 _a978-93-87911-31-4
082 _a894.812.3
_bH&C/D
245 _aDHEERANAYA KOCHU THAYYALKARAN
260 _aTHRISSUR
_bH & C BOOKS
300 _a48
650 _aSTORY
_zTHRISSUR
942 _cBK
999 _c6936
_d6936